Sports Quiz

Random Sports Quiz

Flyers roster 2013 Quiz Stats

 Plays Quiz not verified by Sporcle

Challenge
Share
Tweet
Embed
Score 0/26 Timer 05:00
0 Plays Today
% Correct
Kurtis Foster
100%
Braydon Coburn
100%
Nicklas Grossmann
100%
Mike Knuble
100%
Brayden Schenn
66.7%
Eric Wellwood
66.7%
Simon Gagne
66.7%
Sean Couturier
66.7%
Tye McGinn
66.7%
Wayne Simmonds
66.7%
Scott Hartnell
66.7%
Chris Pronger
66.7%
Luke Schenn
66.7%
% Correct
Matt Read
66.7%
Max Talbot
66.7%
Ruslan Fedotenko
66.7%
Claude Giroux
66.7%
Erik Gustafsson
33.3%
Ilya Bryzgalov
33.3%
Zac Rinaldo
33.3%
Harry Zolnierczyk
33.3%
Kimmo Timonen
33.3%
Jody Shelley
33.3%
Danny Briere
33.3%
Micheal Leighton
33.3%
Jakob Voracek
33.3%

You're not logged in!

Compare scores with friends on all Sporcle quizzes.
Join for Free
OR
Log In

You Might Also Like...

Show Comments

Extras

Created Mar 29, 2013ReportNominate
Tags:2013, Philadelphia Flyers, roster

Top Quizzes Today


Score Distribution

Your Account Isn't Verified!

In order to create a playlist on Sporcle, you need to verify the email address you used during registration. Go to your Sporcle Settings to finish the process.

Report this User

Report this user for behavior that violates our Community Guidelines.

Details: